000 00264nam a22001097a 4500
008 170118b xxu||||| |||| 00| 0 eng d
020 _a0761918213
041 _aeng
080 _a618.2
245 _aHANDBOOK OF STRESS, COPING AND HEALTH
_cRICE, V.H
942 _2udc
_cBK
999 _c3119
_d3119